000 00581nam a22001817a 4500
003 NUST
020 _qHardcover.
038 _aMr. Zahoor
082 _a610.28
100 _aAltaf, Saba
_917442
245 _aInvestigating the Association of Host Regulatory Polymorphic Sites with HIV Infection
_cSaba Altaf
260 _aIslamabad :
_bSMME - NUST,
_c2019.
300 _axiv, 34 p. : ill. ;
_c30cm.
650 _aBiomedical Science - MS Thesis
_916111
700 _aDr. Adeeb Shehzad
_916289
856 _uhttp://10.250.8.41:8080/xmlui/handle/123456789/8350
942 _2ddc
_cTHE
999 _c526439
_d526439